000
00333nam a2200145Ia 4500
008
230718s9999 xx 000 0 und d
041
_a
Eng.
082
_a
344.014
_b
BOW-I
100
_a
Bowes, Jhon
245
0
_a
Industrial Tribunal
260
_a
Pakistan
_b
Sweet and maxwell
_c
1997
300
_a
323
650
_a
Law
999
_c
30158
_d
30158